[Event "8th Vladimir Dvorkovich Cup"]
[Site "Moscow RUS"]
[Date "2013.06.25"]
[Round "1.6"]
[White "Nikitenko,M"]
[Black "Dai,Changren"]
[Result "0-1"]
[WhiteElo "2011"]
[BlackElo "2174"]

1.d4 Nf6 2.c4 g6 3.Nc3 Bg7 4.e4 d6 5.Nf3 O-O 6.Be2 e5 7.O-O Nc6 8.d5 Ne7
9.Ne1 Nd7 10.Nd3 f5 11.f3 c5 12.Be3 f4 13.Bf2 g5 14.b4 b6 15.Nb5 Nf6 16.bxc5 bxc5
17.Rc1 g4 18.Kh1 Ng6 19.Nxd6 Qxd6 20.Bxc5 Qd8 21.Bxf8 Bxf8 22.c5 g3 23.d6 Nxe4
24.Nxf4 Nxf4 25.fxe4 Qh4 26.Qb3+ Be6 27.Qxg3+ Qxg3 28.hxg3 Nxe2 29.Rf6 Nxc1
30.Rxe6 Nd3 31.d7 Kf7 32.Rc6 Rd8 33.Rc7 Bxc5  0-1

[Event "III Marcel Duchamp Boca Jun Op"]
[Site "Buenos Aires ARG"]
[Date "2013.06.26"]
[Round "6.54"]
[White "Ennis Marcos,Alan"]
[Black "Altamiranda,Maria Elisa"]
[Result "0-1"]
[WhiteElo "1677"]
[BlackElo "1473"]

1.c4 Nf6 2.Nc3 g6 3.e4 d6 4.d4 Bg7 5.Be2 O-O 6.Nf3 e5 7.O-O Nc6 8.d5 Ne7
9.Ne1 Ne8 10.Be3 f5 11.f3 f4 12.Bf2 g5 13.c5 h5 14.a4 Rf6 15.cxd6 Nxd6 16.Nb5 a6
17.Nxd6 cxd6 18.Qb3 Rg6 19.Qb6 Qf8 20.Nd3 g4 21.Be1 Qf6 22.fxg4 hxg4 23.Ra3 Qg5
24.Bd2 Qh4 25.Nxf4 exf4 26.Bxf4 Qf6 27.Qd8+ Qf8 28.Qc7 Rf6 29.g3 Ng6 30.Be3 Rxf1+
31.Bxf1 Qe7 32.Qc2 Ne5 33.Be2 Bd7 34.Kg2 Nf3 35.Bxf3 gxf3+ 36.Kxf3 Rf8+ 37.Kg2 Qf6
38.Bf4 Rc8 39.Rc3 Rxc3 40.bxc3 Qxc3 41.Qxc3 Bxc3 42.Bxd6 Bxa4 43.Bc7 b5 44.Kf3 Bd4
45.Ba5 Be5 46.Kg4 Bd6 47.Kf5 b4 48.e5 b3 49.Bc3 Ba3 50.d6 b2 51.Bxb2 Bxb2
52.Ke4 a5 53.Kd5 Bb3+ 54.Kc6 Bxe5 55.d7 Ba4+ 56.Kd5 Bc7  0-1

[Event "TCh-MNE Prem 2013"]
[Site "Cetinje MNE"]
[Date "2013.06.26"]
[Round "3.3"]
[White "Bozovic,N"]
[Black "Djukic,Ni"]
[Result "0-1"]
[WhiteElo "2292"]
[BlackElo "2539"]

1.d4 Nf6 2.Nf3 g6 3.c4 Bg7 4.Nc3 O-O 5.e4 d6 6.Be2 e5 7.O-O Nc6 8.d5 Ne7
9.a4 a5 10.b3 b6 11.Ba3 Re8 12.b4 axb4 13.Bxb4 Bf8 14.a5 c5 15.dxc6 Nxc6
16.Ba3 Rxa5 17.Nb5 Nxe4 18.Qd5 Nc3 19.Qxc6 Bd7 20.Qb7 Nxe2+ 21.Kh1 Bxb5 22.cxb5 Qa8
23.Qc6 Rc8 24.Qxa8 Rcxa8 25.Bb2 Nf4 26.Nd2 Rb8 27.Ne4 Rxb5 28.Ba3 Rd8 29.Rfd1 Ra5
30.g3 Ne6 31.Nf6+ Kg7 32.Nd5 Nd4 33.Nxb6 Nc2 34.Nc4 Ra4 35.Bxd6 Rxa1  0-1

[Event "Visma IMB 2013"]
[Site "Vaxjo SWE"]
[Date "2013.06.26"]
[Round "1.5"]
[White "Kockum,A"]
[Black "Kenneskog,Theodor"]
[Result "1/2-1/2"]
[WhiteElo "2346"]
[BlackElo "2228"]

1.d4 Nf6 2.c4 g6 3.Nc3 Bg7 4.e4 d6 5.Nf3 O-O 6.Be2 e5 7.O-O Nc6 8.d5 Ne7
9.Ne1 Nd7 10.Nd3 f5 11.Bd2 fxe4 12.Nxe4 Nf6 13.f3 Nf5 14.Ndf2 c6 15.Bd3 cxd5
16.cxd5 Qb6 17.Qb3 Qxb3 18.axb3 Bd7 19.Bb4 Nxd5 20.Bc4 Bc6 21.Rfd1 Ne3 22.Bxd6 Rfd8
23.Ng4 Nxc4 24.bxc4 Nb6 25.b3 Nd7 26.Be7 Re8 27.Bb4 h5 28.Ngf2 Nf6 29.Ra2 Kh8
30.Nd6 Re6 31.Nf7+ Kg8 32.Nd8 Re8 33.Nxc6 bxc6 34.Bc5 Reb8 35.b4 Bf8 36.Bxf8 Kxf8
37.Rd6 Kg7 38.Rxc6 Rxb4 39.Nd3 Rb1+ 40.Kf2 e4 41.Rc7+ Kh6 42.Ne5 exf3 43.gxf3 a5
44.Nf7+ Kg7 45.Ne5+ Kh6 46.c5 a4 47.c6 a3 48.Nc4 Rb3 49.Rb7 Rc3 50.Nb6 Rf8
51.c7 Ne4+ 52.Kg2 Nd6 53.Rb8 Kg7 54.Rd8 Rxc7 55.Rxd6 Rc3 56.Rd7+ Kh6 57.Ra7 Rfxf3
58.Nc4 h4 59.Ra1 h3+ 60.Kg1 Rxc4 61.R7xa3 Rc1+ 62.Rxc1 Rxa3 63.Kf2 Kh5 64.Re1 g5
65.Re2 Kh4 66.Re8 Ra2+ 67.Re2 Ra1 68.Re1 Ra4 69.Re8 Rf4+ 70.Kg1 Kg4 71.Re3 Ra4
72.Kf2 Ra2+ 73.Re2 Ra4 74.Re3 Rf4+ 75.Kg1 Kh4 76.Re8 Kg4  1/2-1/2

[Event "TCh-MNE Prem 2013"]
[Site "Cetinje MNE"]
[Date "2013.06.27"]
[Round "4.3"]
[White "Tadic,Br"]
[Black "Miljanic,B"]
[Result "1/2-1/2"]
[WhiteElo "2513"]
[BlackElo "2392"]

1.d4 Nf6 2.Nf3 g6 3.c4 Bg7 4.Nc3 O-O 5.e4 d6 6.Be2 e5 7.O-O Nc6 8.dxe5 dxe5
9.Bg5 Qxd1 10.Rfxd1 Bg4 11.h3 Bxf3 12.Bxf3 Nd4 13.Nd5 Nxd5 14.cxd5 f5 15.Kf1 Rf7
16.Rac1 Nxf3 17.gxf3 Bf8 18.Be3 b6 19.Rc6 Rd8 20.Re6 fxe4 21.fxe4 Bd6 22.Ke2 Kg7
23.h4 Rdf8 24.h5 Rf6 25.h6+ Kf7 26.Rxf6+ Kxf6 27.Rg1 Ke7 28.Rc1 Kd7 29.Rc6 Rf7
30.Bg5 Rf8 31.f3 Rf7 32.Kf2 Rf8 33.Kg3 Rf7 34.Kg4 Rf8 35.Rc2 Rf7 36.Re2 c6
37.dxc6+ Kxc6 38.Rd2 Bc7 39.a4 Bd6 40.Be3 Rd7 41.Rc2+ Kb7 42.f4 exf4 43.Bxf4 Bc5
44.a5 Re7 45.e5 Bd4 46.Re2 bxa5 47.e6 Kc6 48.Bg5 Re8 49.e7 Bc5 50.Rc2 Kd5
51.Rd2+ Ke6 52.Rd8 Kf7 53.Rd7 Ke6 54.Rc7 Kd6 55.Rb7 Kc6 56.Rb3 Bxe7 57.Rf3 Bxg5
58.Kxg5 Re7 59.Kf6 Rb7 60.Rc3+ Kd5 61.b3 a6 62.Re3 Kc5 63.Re6 Rb6 64.Rxb6 Kxb6
65.Kg7 g5 66.Kxh7 g4 67.Kg6 g3 68.h7 g2 69.h8=Q g1=Q+ 70.Kf5 Qb1+ 71.Kf4 Qc1+
72.Ke4 Qc2+ 73.Kf4 Qd2+ 74.Ke4 Qe2+ 75.Kf4 Qd2+ 76.Ke4 Qb4+ 77.Kf5 Qb5+ 78.Ke4 Qe2+
79.Kf4 Kc5 80.Qf8+ Kd4 81.Qf6+ Kc5 82.Qf8+ Kb5 83.Qb8+ Kc5 84.Qf8+  1/2-1/2

[Event "7th Varna Open 2013"]
[Site "Varna BUL"]
[Date "2013.06.27"]
[Round "9.10"]
[White "Abdalla,L"]
[Black "Vedmediuc,S"]
[Result "0-1"]
[WhiteElo "2288"]
[BlackElo "2460"]

1.d4 Nf6 2.c4 g6 3.Nc3 Bg7 4.e4 d6 5.Nf3 O-O 6.Be2 e5 7.O-O Nc6 8.d5 Ne7
9.b4 a5 10.Ba3 axb4 11.Bxb4 Nh5 12.g3 f5 13.Ng5 h6 14.Nf3 Nf6 15.c5 fxe4
16.Nd2 Nexd5 17.Bc4 Kh8 18.Nxd5 Nxd5 19.Bxd5 dxc5 20.Bxc5 Qxd5 21.Bxf8 Bxf8
22.Re1 e3 23.Rxe3 Bc5 24.Re1 Bd4 25.Ne4 Bf5 26.Nc3 Qa5 27.Ne4 Rd8 28.Qf3 Bxa1
29.Rxa1 Qb4 30.Nf6 Qd4 31.Rc1 c6 32.Qb3 Kg7 33.Qxb7+ Kxf6 34.Qxc6+ Rd6 35.Qe8 Bh3
36.Re1 Re6 37.Qb5 Qd2 38.Ra1 Rd6 39.Qa4 Qd4 40.Qxd4 exd4 41.f3 d3 42.Kf2 Re6
43.g4 Re2+ 44.Kg3 d2 45.Rd1 Bf1 46.a4 g5 47.h4 Ke5 48.hxg5 hxg5 49.a5 Kd6
50.a6 Kc7 51.f4 Rg2+ 52.Kh3 gxf4 53.Rxf1 Re2 54.a7 Kb7 55.Rd1 f3 56.g5 f2  0-1

[Event "Visma IMB 2013"]
[Site "Vaxjo SWE"]
[Date "2013.06.27"]
[Round "2.1"]
[White "Pileckis,E"]
[Black "Kenneskog,Theodor"]
[Result "1/2-1/2"]
[WhiteElo "2467"]
[BlackElo "2228"]

1.Nf3 Nf6 2.c4 g6 3.Nc3 Bg7 4.e4 d6 5.d4 O-O 6.Be2 e5 7.O-O Nc6 8.d5 Ne7
9.b4 Nh5 10.Re1 f5 11.Ng5 Nf6 12.Bf3 c6 13.Bb2 h6 14.Ne6 Bxe6 15.dxe6 fxe4
16.Nxe4 Nxe4 17.Rxe4 d5 18.cxd5 cxd5 19.Rxe5 Bxe5 20.Bxe5 Qb6 21.Bb2 Rad8
22.Qd2 Qxe6 23.Qd4 Nf5 24.Qh8+ Kf7 25.Qh7+ Ke8 26.Qxb7 Rf7 27.Qb5+ Kf8 28.Kf1 d4
29.Qd3 Qe5 30.Kg1 Re8 31.g3 Qf6 32.Rf1 Rfe7 33.Qd2 h5 34.Kg2 h4 35.g4 h3+
36.Kh1 Ng7 37.Qd3 Re1 38.Kg1 Rxf1+ 39.Kxf1 Ne6 40.Bc6 Nf4 41.Qxd4 Qxd4 42.Bxd4 Rd8
43.Bc5+ Kg7 44.Ba4 a6 45.g5 Rd2 46.Bb3 Rd7 47.f3 Nd3 48.Be3 Nxb4 49.Kf2 Nd5
50.Bd4+ Kh7 51.Kg3 Ne7 52.Bf6 Nf5+ 53.Kxh3 Rd3 54.Kg4 Rd2 55.h3 Rg2+ 56.Kf4 Rh2
57.Kg4 Rg2+ 58.Kf4 Rh2 59.Kg4  1/2-1/2

[Event "Visma GM 2013"]
[Site "Vaxjo SWE"]
[Date "2013.06.27"]
[Round "3.5"]
[White "Andersen,Mad"]
[Black "Nithander,V"]
[Result "1/2-1/2"]
[WhiteElo "2477"]
[BlackElo "2455"]

1.d4 Nf6 2.c4 g6 3.Nc3 Bg7 4.e4 d6 5.Nf3 O-O 6.Be2 e5 7.O-O Nc6 8.Be3 Ng4
9.Bg5 f6 10.Bc1 exd4 11.Nxd4 f5 12.Nxc6 bxc6 13.exf5 gxf5 14.h3 Nf6 15.Bf3 Bd7
16.Qc2 Rb8 17.Rb1 Qe8 18.Bf4 Ne4 19.Rfe1 Qf7 20.Ne2 Rb4 21.b3 a5 22.Rbd1 a4
23.Nc1 axb3 24.axb3 c5 25.Bd2 Rbb8 26.Ne2 Bc6 27.Bc3 Kh8 28.Bxg7+ Qxg7 29.Nf4 Rbe8
30.Re3 Re5 31.Nd3 Re7 32.Nf4 Rfe8 33.Rde1 Qe5 34.Nd3 Qd4 35.R3e2 Rg8 36.Kf1 Reg7
37.Re3 Ba8 38.h4 Qf6 39.h5 Qh4 40.Qb2 h6 41.Ke2 Kh7 42.Kd1 Nf6 43.Bxa8 Rxa8
44.f3 Nxh5 45.Re6 Rag8 46.Qd2 Qg5 47.Qxg5 Rxg5 48.Rh1 R8g6 49.Re7+ Rg7 50.Re6 R5g6
51.Ree1 Rg5 52.Re6 R5g6  1/2-1/2

[Event "III Marcel Duchamp Boca Jun Op"]
[Site "Buenos Aires ARG"]
[Date "2013.06.28"]
[Round "8.15"]
[White "Sosa,T ARG"]
[Black "Martinez de Negri,G"]
[Result "1/2-1/2"]
[WhiteElo "2234"]
[BlackElo "2173"]

1.c4 Nf6 2.Nc3 g6 3.e4 d6 4.d4 Bg7 5.Nf3 O-O 6.Be2 e5 7.O-O Nc6 8.d5 Ne7
9.b4 Nh5 10.Re1 a5 11.bxa5 Rxa5 12.Nd2 Nf4 13.Bf1 b6 14.a4 Bd7 15.Nb5 Ra8
16.Ra3 Nc8 17.g3 Nh5 18.Nb3 Na7 19.Nc3 Bf6 20.a5 Nc8 21.Be2 Ng7 22.Bg4 Be7
23.Bxd7 Qxd7 24.Qd3 f5 25.exf5 Nxf5 26.Be3 Nxe3 27.Qxe3 Qg4 28.Ne4 h5 29.Kg2 Kg7
30.Rea1 h4 31.h3 Qd7 32.axb6 Rxa3 33.Rxa3 Nxb6 34.Ra7 Qc8 35.Nxd6 Bxd6 36.Qxb6 Qf5
37.Qe3 hxg3 38.Qxg3 Qe4+ 39.Kg1 Rf3 40.Qg2 Qe1+ 41.Qf1 Qxf1+ 42.Kxf1 Rxb3
43.c5 Bf8 44.d6 Rb8 45.Rxc7+ Kf6 46.d7 Rd8 47.c6 Bd6 48.Rc8 Ke7 49.f3 g5
50.Ke2 Bb4 51.Kd3 Ba5 52.Ke4 Kd6 53.Kf5 Bc7 54.Kf6 Kxc6 55.Rxd8 Bxd8+ 56.Kxe5 Kxd7
57.Kf5  1/2-1/2

[Event "8th Vladimir Dvorkovich Cup"]
[Site "Moscow RUS"]
[Date "2013.06.28"]
[Round "4.4"]
[White "Harazinska,Ewa"]
[Black "Rodionova,Polina"]
[Result "0-1"]
[WhiteElo "2068"]
[BlackElo "2146"]

1.d4 Nf6 2.c4 g6 3.Nc3 Bg7 4.e4 d6 5.Nf3 O-O 6.Be2 e5 7.O-O Nc6 8.d5 Ne7
9.b4 Nh5 10.Re1 f5 11.Ng5 Nf6 12.Bf3 c6 13.exf5 gxf5 14.dxc6 bxc6 15.b5 e4
16.Be2 d5 17.Be3 f4 18.Bd4 h6 19.Nh3 Bxh3 20.gxh3 cxb5 21.cxb5 Nf5 22.Rc1 Nxd4
23.Qxd4 Qd7 24.Bf1 Qf5 25.Red1 Rad8 26.Qxa7 Rd7 27.Qc5 f3 28.b6 Rfd8 29.Kh1 Bf8
30.Qd4 Rg7 31.Bc4 Qxh3 32.Rg1 Rg2 33.Qe5 Bd6 34.Bxd5+ Nxd5 35.Qxd5+ Kf8  0-1

[Event "3rd Big Slick IM"]
[Site "Purley ENG"]
[Date "2013.06.28"]
[Round "7"]
[White "Rudd,J"]
[Black "Meszaros,Gyu"]
[Result "1/2-1/2"]
[WhiteElo "2280"]
[BlackElo "2255"]

1.Nf3 Nf6 2.c4 g6 3.Nc3 Bg7 4.e4 d6 5.d4 O-O 6.Be2 e5 7.O-O Nc6 8.d5 Ne7
9.Ne1 Ne8 10.Be3 f5 11.f3 f4 12.Bf2 g5 13.b4 h5 14.c5 Rf6 15.a4 Rg6 16.c6 bxc6
17.dxc6 Be6 18.Nd5 Nxc6 19.Bb5 Bd7 20.Rc1 Nd4 21.Bxd7 Qxd7 22.Nc2 c6 23.Nxd4 exd4
24.Rxc6 Kh7 25.b5 Nf6 26.Nxf6+ Bxf6 27.Bxd4 Rf8 28.Bxf6 Rfxf6 29.Qc2 Kh6
30.Rd1 g4 31.e5 gxf3 32.exf6 Rxg2+ 33.Qxg2 fxg2 34.Rdxd6 Qf7 35.Re6 f3 36.a5 Qg6
37.Re1 Qd3 38.Rce6 Qd2 39.R1e3 Qd1+ 40.Re1 Qd4+ 41.R1e3 Qa1+ 42.Re1 Qb2 43.R1e3 Qc1+
44.Re1 Qf4 45.f7+ Kg7 46.f8=Q+ Kxf8 47.Re8+ Kg7 48.Kf2 Qxh2 49.R8e7+ Kf6
50.R7e6+  1/2-1/2

[Event "FISCA Open D 2013"]
[Site "Cap Aurora ROU"]
[Date "2013.06.29"]
[Round "9.7"]
[White "David,Alexandru"]
[Black "Sandu,Mi"]
[Result "1/2-1/2"]
[WhiteElo "2080"]
[BlackElo "2237"]

1.d4 Nf6 2.c4 g6 3.Nc3 Bg7 4.e4 d6 5.Nf3 O-O 6.Be2 e5 7.O-O Nc6 8.d5 Ne7
9.b4 Ne8 10.a4 f5 11.c5 fxe4 12.Ng5 Nf5 13.Ngxe4 Nd4 14.Bd3 Bf5 15.Be3 Nf6
16.cxd6 cxd6 17.Nxf6+ Qxf6 18.Ne4 Qe7 19.Rc1 Rac8 20.Rxc8 Rxc8 21.Qb1 Qd7
22.Qa2 a6 23.f3 Qd8 24.a5 Bf6 25.Qd2 Be7 26.Qb2 Nb5 27.Rc1 Rxc1+ 28.Qxc1 Nd4
29.Qc4 Bxe4 30.Bxe4 Bf6 31.Bd3 Qd7 32.Bf1 Kg7 33.Bxd4 exd4 34.b5 axb5 35.Qxb5 Qe7
36.Qe2 Qc7 37.a6 d3 38.Qxd3 bxa6 39.Qxa6 Qc5+ 40.Kh1 Qxd5 41.Qd3 Qe5 42.g3 h5
43.Qe4 Qa1 44.Kg2 Qb2+ 45.Kh3 Qd4 46.Bd3 Qxe4 47.fxe4 Be5  1/2-1/2

[Event "TCh-MNE Prem 2013"]
[Site "Cetinje MNE"]
[Date "2013.06.29"]
[Round "6.1"]
[White "Nikcevic,N"]
[Black "Georgiev,Ki"]
[Result "0-1"]
[WhiteElo "2458"]
[BlackElo "2636"]

1.Nf3 Nf6 2.c4 g6 3.Nc3 Bg7 4.e4 d6 5.d4 O-O 6.Be2 e5 7.O-O Nc6 8.d5 Ne7
9.Bg5 Nh5 10.g3 h6 11.Bd2 Bh3 12.Re1 f5 13.exf5 Nxf5 14.Ne4 Nf6 15.Neg5 hxg5
16.Nxg5 Nxg3 17.hxg3 Bf5 18.Bf3 Qd7 19.Ne4 Nxe4 20.Bxe4 Rf7 21.Qc2 Raf8 22.Be3 b6
23.Re2 Bxe4 24.Qxe4 Qf5 25.Qxf5 gxf5 26.Rd1 Kh7 27.f3 Kg6 28.Kg2 Bh6 29.Bxh6 Kxh6
30.b4 Kg6 31.Rd3 Rh7 32.Ra3 Rfh8 33.Rxa7 Rh2+ 34.Kf1 Rh1+ 35.Kf2 f4 36.gxf4 exf4
37.Re6+ Kf5 38.Ke2 R1h2+ 39.Kd3 R8h3 40.c5 b5 41.cxd6 Rxf3+ 42.Kd4 Rd2+ 43.Kc5 Rc3+  0-1

[Event "12th ROC Nova Open"]
[Site "Haarlem NED"]
[Date "2013.06.29"]
[Round "4.4"]
[White "Bitalzadeh,A"]
[Black "Vroombout,E"]
[Result "1-0"]
[WhiteElo "2423"]
[BlackElo "2180"]

1.d4 Nf6 2.c4 g6 3.Nc3 Bg7 4.e4 d6 5.Nf3 O-O 6.Be2 e5 7.O-O Nc6 8.d5 Ne7
9.Ne1 Nd7 10.Nd3 f5 11.Bd2 Nf6 12.f3 f4 13.c5 g5 14.Rc1 Ng6 15.Nb5 Rf7 16.Ba5 b6
17.cxd6 bxa5 18.dxc7 Qf8 19.Qa4 g4 20.Nc5 Nh4 21.Ne6 Qb4 22.Qxb4 axb4 23.Nd6 Re7
24.Nxc8 Rxc8 25.Ba6 Ree8 26.d6 Bf8 27.Rfd1 gxf3 28.Bxc8 Rxc8 29.d7  1-0

[Event "4th ch-Vojvodina Int"]
[Site "Novi Sad SRB"]
[Date "2013.06.29"]
[Round "3.13"]
[White "Peovic,M"]
[Black "Banovic,I"]
[Result "1-0"]
[WhiteElo "2264"]
[BlackElo "2180"]

1.d4 Nf6 2.c4 g6 3.Nc3 Bg7 4.e4 d6 5.Be2 O-O 6.Nf3 e5 7.O-O Nc6 8.d5 Ne7
9.Bd2 Nd7 10.Rc1 h6 11.Ne1 f5 12.f3 f4 13.b4 g5 14.Nd3 Ng6 15.c5 Nf6 16.Nf2 Rf7
17.Qb3 Bf8 18.Nb5 Rg7 19.Rc2 a6 20.Na3 h5 21.h3 Nh4 22.Be1 g4 23.fxg4 hxg4
24.hxg4 Nxg4 25.Nxg4 Bxg4 26.Bxg4 Rxg4 27.Qh3 Qg5 28.Bxh4 Rxh4 29.Qe6+ Kh8
30.Rf3 Qh5 31.Qf6+ Kh7 32.Qxh4 Qxh4 33.Rh3 Qxh3 34.gxh3 a5 35.b5 dxc5 36.Nc4 Bd6
37.b6 a4 38.Rb2 a3 39.Rb3 Ra4 40.bxc7 Bxc7 41.Rxb7 Rxc4 42.d6 Rc1+ 43.Kf2 Rc2+
44.Ke1 Rb2 45.dxc7 Rxb7 46.c8=Q Rb1+ 47.Ke2 Rb2+ 48.Kf3 Rxa2 49.Qd7+  1-0

[Event "22nd Anderssen Mem Eliminacje"]
[Site "Wroclaw POL"]
[Date "2013.06.29"]
[Round "3"]
[White "Wielosz,J"]
[Black "Zyla,J"]
[Result "1-0"]
[WhiteElo "1943"]
[BlackElo "2190"]

1.d4 Nf6 2.c4 g6 3.Nc3 Bg7 4.e4 d6 5.Nf3 O-O 6.Be2 e5 7.O-O Nc6 8.d5 Ne7
9.b4 Nh5 10.Re1 h6 11.a4 f5 12.Ra3 Nf6 13.Bf1 Kh8 14.a5 a6 15.b5 axb5 16.cxb5 fxe4
17.Nxe4 Nexd5 18.Nxf6 Nxf6 19.Nh4 Qe8 20.Qc2 e4 21.Bb2 d5 22.g3 Qf7 23.f4 exf3
24.Nxg6+ Kg8 25.Nxf8 Ne4 26.Rxe4 dxe4 27.Bc4 f2+ 28.Kg2 f1=Q+ 29.Bxf1 Bh3+
30.Kxh3 Qxf1+ 31.Kh4 Bxb2 32.Qxb2 Rxf8 33.Qb3+ Rf7 34.Qe6 Qf6+ 35.Qxf6 Rxf6
36.a6 bxa6 37.bxa6 Rf8 38.a7 Ra8 39.Kg4 Kf7 40.Kf4 Ke6 41.Kxe4 Kd6 42.Kd4 Kc6
43.Kc4 Kd6 44.g4 Ke5 45.h3 Kd6 46.Ra6+ c6 47.Ra5 Ke6 48.Kc5  1-0

[Event "2nd Arberopen 2013"]
[Site "Bayerisch Eisenstein GER"]
[Date "2013.07.01"]
[Round "3.22"]
[White "Sauer,Eric"]
[Black "Forgach,A"]
[Result "1/2-1/2"]
[WhiteElo "1901"]
[BlackElo "1919"]

1.d4 Nf6 2.c4 g6 3.Nc3 Bg7 4.e4 d6 5.Nf3 O-O 6.Be2 e5 7.O-O Nc6 8.d5 Ne7
9.b4 Nh5 10.g3 f5 11.Ng5 Nf6 12.Bf3 fxe4 13.Ngxe4 Nxe4 14.Nxe4 Nf5 15.Bb2 a5
16.bxa5 Rxa5 17.Bc3 Ra8 18.c5 Nd4 19.Bg2 Kh8 20.Bxd4 exd4 21.Qb3 Ra7 22.a4 Bf5
23.cxd6 cxd6 24.Ra2 Bxe4 25.Bxe4 Qa5 26.Bd3 Rc8 27.Bb5 Rc3 28.Qb1 Qc7 29.Qe4 Ra8
30.Re2 Rf8 31.Qe7 Rc5 32.Rfe1 Qxe7 33.Rxe7 Rxd5 34.Rxb7 d3  1/2-1/2

[Event "TCh-MNE Prem 2013"]
[Site "Cetinje MNE"]
[Date "2013.07.01"]
[Round "8.1"]
[White "Nikcevic,N"]
[Black "Sedlak,N"]
[Result "0-1"]
[WhiteElo "2458"]
[BlackElo "2571"]

1.Nf3 Nf6 2.c4 g6 3.Nc3 Bg7 4.e4 d6 5.d4 O-O 6.Be2 e5 7.O-O Nc6 8.d5 Ne7
9.Bg5 Nh5 10.g3 f6 11.Bd2 f5 12.Ng5 Nf6 13.f3 c6 14.g4 h6 15.Ne6 Bxe6 16.dxe6 Qc8
17.Qb3 Qxe6 18.gxf5 gxf5 19.Qxb7 Rfb8 20.Qa6 Rxb2 21.Rad1 Kh8 22.c5 d5 23.Bc1 Rbb8
24.exd5 Nfxd5 25.Nxd5 Nxd5 26.Bc4 Rd8 27.Bb3 e4 28.fxe4 fxe4 29.Qb7 e3 30.Rf3 e2
31.Re1 Bd4+ 32.Kh1 Qe4  0-1

[Event "IsBank TCh-TUR 2013"]
[Site "Denizli TUR"]
[Date "2013.07.01"]
[Round "3.9"]
[White "Ozen,Bahadir"]
[Black "Cingoz,O"]
[Result "1/2-1/2"]
[WhiteElo "1927"]
[BlackElo "1876"]

1.d4 Nf6 2.c4 g6 3.Nc3 Bg7 4.e4 d6 5.Nf3 O-O 6.Be2 e5 7.O-O Nc6 8.d5 Ne7
9.b4 Ne8 10.Nd2 f5 11.c5 Nf6 12.f3 f4 13.Nc4 g5 14.a4 Ng6 15.Ba3 Rf7 16.b5 dxc5
17.Bxc5 Bf8 18.Bf2 h5 19.b6 axb6 20.d6 Bxd6 21.Nxd6 cxd6 22.Bc4 Kg7 23.Bxf7 Kxf7
24.Qb3+ Be6 25.Qxb6 Qxb6 26.Bxb6 d5 27.a5 dxe4 28.Nxe4 Nxe4 29.fxe4 Ne7 30.Rfc1 Rc8
31.Rxc8 Bxc8 32.Rc1 Ke6 33.Bd8 Nc6 34.a6 Kd7 35.Rd1+ Ke6 36.Bc7 Ke7 37.Rd6 h4
38.Rd8 bxa6 39.Rxc8 Kd7 40.Ra8 Kxc7 41.Rxa6 g4 42.Ra8 g3 43.Rh8 Kd6 44.Rxh4 gxh2+
45.Kxh2 Kc5 46.g4 fxg3+ 47.Kxg3 Kd4 48.Rh6 Na5 49.Ra6 Nc4 50.Ra4 Kd3 51.Kg4 Nd6
52.Ra6 Nxe4 53.Kf5 Nc3 54.Kxe5 Kc4 55.Rc6+ Kd3 56.Rh6 Kc4 57.Rh3 Nb5 58.Rh4+ Kc5
59.Rh1 Kc4 60.Rh2 Nc3 61.Rh4+ Kc5 62.Rh8 Kc4 63.Rd8 Nb5 64.Rc8+ Kd3 65.Kd5 Nc3+
66.Kc5 Ne4+ 67.Kb4 Kd4 68.Rd8+ Ke5 69.Rd1 Nd6 70.Kc5 Ne4+ 71.Kc6  1/2-1/2

[Event "4th AIMAG Men"]
[Site "Incheon KOR"]
[Date "2013.07.01"]
[Round "3.1"]
[White "Jumabayev,R"]
[Black "Ding Liren"]
[Result "1/2-1/2"]
[WhiteElo "2548"]
[BlackElo "2702"]

1.d4 Nf6 2.c4 g6 3.Nc3 Bg7 4.e4 d6 5.Nf3 O-O 6.Be2 e5 7.O-O Nc6 8.d5 Ne7
9.b4 Nh5 10.g3 a5 11.bxa5 Rxa5 12.Nd2 Nf6 13.a4 c5 14.Nb3 Ra6 15.Be3 Nd7
16.Qd2 f5 17.exf5 Nxf5 18.Bg5 Nf6 19.Bf3 h6 20.Bxf6 Qxf6 21.Ne4 Qe7 22.Bg2 h5
23.h3 Bh6 24.Qd3 Kh7 25.Rfe1 Qd8 26.Ra2 Rf7 27.Rb1 Ra8 28.Nc3 Ne7 29.Nd2 Bf5
30.Nde4 Nc8 31.Rab2 b6 32.Re1 Rf8 33.Qd1 Ra7 34.Qb3 g5 35.Nd2 Kh8 36.Qd1 g4
37.h4 Raf7 38.Nde4 Bg6 39.Qe2 Qd7 40.Ra1 Qd8 41.Rba2 Ra7 42.Rb2 Ra6 43.Nb5 Bf5
44.Rb3 Rf7 45.Ra2 Ra8 46.Raa3 Ra5 47.f3 Rg7 48.fxg4 Bxg4 49.Qf2 Qe7 50.Bf3 Bf5
51.Bg2 Bg4 52.Qf6 Qxf6 53.Nxf6 Bd1 54.Rb1 Bc2 55.Rf1 Rxa4 56.Nxh5 Rg8 57.Rxa4 Bxa4
58.Be4 Rf8 59.Rxf8+ Bxf8 60.g4 Bxb5 61.cxb5 c4 62.Bc2 Ne7 63.Be4 Nc8 64.Bc2 Ne7
65.Be4  1/2-1/2

[Event "Mukachevo Summer"]
[Site "Mukachevo UKR"]
[Date "2013.07.01"]
[Round "9.6"]
[White "Nosenko,A"]
[Black "Klymchuk,Andriy"]
[Result "0-1"]
[WhiteElo "2498"]
[BlackElo "2328"]

1.d4 Nf6 2.c4 g6 3.Nc3 Bg7 4.e4 d6 5.Nf3 O-O 6.Be2 e5 7.O-O Nc6 8.Be3 Ng4
9.Bg5 f6 10.Bh4 g5 11.Bg3 Nh6 12.dxe5 fxe5 13.Ne1 Nd4 14.Nc2 c5 15.Bd3 g4
16.Nxd4 exd4 17.Nd5 Nf7 18.f4 gxf3 19.gxf3 Bh3 20.Rf2 Ne5 21.Bf1 Be6 22.b3 h5
23.Bxe5 dxe5 24.f4 Bxd5 25.cxd5 Rxf4 26.Qxh5 Qh4 27.Qxh4 Rxh4 28.Re1 Bh6
29.Kh1 Bf4 30.Bd3 Kf7 31.Rg1 Rah8 32.Rgg2 Rh3 33.Bc4 d3 34.Kg1 d2 35.Be2 Re3
36.Kf1 Rxe4 37.Rf3 Rd4  0-1

[Event "4th AIMAG Men"]
[Site "Incheon KOR"]
[Date "2013.07.03"]
[Round "6.11"]
[White "Mohammad,Sam"]
[Black "Darini,P"]
[Result "1/2-1/2"]
[WhiteElo "2362"]
[BlackElo "2548"]

1.d4 Nf6 2.c4 g6 3.Nc3 Bg7 4.e4 d6 5.Nf3 O-O 6.Be2 e5 7.O-O Nc6 8.d5 Ne7
9.Ne1 Ne8 10.Be3 f5 11.f3 f4 12.Bf2 h5 13.c5 g5 14.a4 Rf6 15.cxd6 Nxd6 16.Nb5 Rg6
17.Nxd6 cxd6 18.h3 Kh8 19.Nd3 Ng8 20.Be1 Nh6 21.Nf2 Bd7 22.Ra3 Bf6 23.Qb3 Qc7
24.Bd2 Rag8 25.Rc1 Qb8 26.Be1 R8g7 27.Qb4 g4 28.fxg4 Bh4 29.Kf1 Qg8 30.Rac3 Bd8
31.a5 a6 32.Rc8 Bxc8 33.Rxc8 Qe8  1/2-1/2

[Event "4th Kiryat Ono Open A"]
[Site "Kiryat Ono ISR"]
[Date "2013.07.04"]
[Round "5.8"]
[White "Aharonovich,Itamar"]
[Black "Kraus,Ohad"]
[Result "0-1"]
[WhiteElo "1995"]
[BlackElo "2085"]

1.d4 Nf6 2.c4 g6 3.Nc3 Bg7 4.e4 d6 5.Nf3 O-O 6.Be2 e5 7.O-O Nc6 8.d5 Ne7
9.Nd2 a5 10.a3 Nd7 11.Rb1 f5 12.b4 c6 13.Qc2 cxd5 14.cxd5 axb4 15.axb4 Nf6
16.f3 Bd7 17.Nc4 b5 18.Na5 Qb6+ 19.Kh1 fxe4 20.fxe4 Ng4 21.h3 Rxf1+ 22.Bxf1 Nf6
23.Bg5 Rc8 24.Qd2 h6 25.Be3 Qb8 26.Bd3 g5 27.Rc1 Nh5 28.Ne2 Nf4 29.Bb1 Rxc1+
30.Nxc1 Neg6 31.Bf2 Qf8 32.Nd3 Nxh3 33.gxh3 Qf3+ 34.Kh2 Qxh3+ 35.Kg1 Qg4+
36.Kh2 Nf4 37.Nxf4 exf4 38.Nc6 f3 39.Bg3 Qh3+ 40.Kg1 Qxg3+ 41.Kh1 f2  0-1

[Event "9th Baltic Pearl 2013"]
[Site "Lazy POL"]
[Date "2013.07.04"]
[Round "5.5"]
[White "Kanarek,M"]
[Black "Stankiewicz,P"]
[Result "1/2-1/2"]
[WhiteElo "2478"]
[BlackElo "2070"]

1.d4 Nf6 2.c4 g6 3.Nc3 Bg7 4.e4 d6 5.Be2 O-O 6.Nf3 e5 7.O-O Nc6 8.d5 Ne7
9.Ne1 Nd7 10.Nd3 f5 11.f3 f4 12.Bd2 g5 13.Rc1 h5 14.h3 Ng6 15.c5 Nxc5 16.Nxc5 dxc5
17.Na4 b6 18.b4 c6 19.bxc5 cxd5 20.exd5 g4 21.fxg4 hxg4 22.hxg4 e4 23.Bc3 f3
24.Bxg7 fxe2 25.Qxe2 Kxg7 26.Qxe4 bxc5 27.Nxc5 Rxf1+ 28.Rxf1 Qd6  1/2-1/2

[Event "2nd Arberopen 2013"]
[Site "Bayerisch Eisenstein GER"]
[Date "2013.07.05"]
[Round "7.15"]
[White "Sauer,Eric"]
[Black "Santl,A"]
[Result "0-1"]
[WhiteElo "1901"]
[BlackElo "2069"]

1.d4 Nf6 2.c4 g6 3.Nc3 Bg7 4.e4 d6 5.Nf3 O-O 6.Be2 e5 7.O-O Nc6 8.d5 Ne7
9.b4 a5 10.Ba3 axb4 11.Bxb4 Nh5 12.g3 Bh6 13.a4 f5 14.Nd2 Nf6 15.Bd3 f4 16.c5 Bh3
17.Re1 Ng4 18.Nf3 Qd7 19.cxd6 cxd6 20.Bb5 Qc7 21.Rc1 fxg3  0-1

[Event "VIII Wroclaw Open A 2013"]
[Site "Wroclaw POL"]
[Date "2013.07.05"]
[Round "5.13"]
[White "Zombirt,F"]
[Black "Kanicki,K"]
[Result "1-0"]
[WhiteElo "1924"]
[BlackElo "1964"]

1.d4 Nf6 2.c4 g6 3.Nc3 Bg7 4.e4 d6 5.Nf3 O-O 6.Be2 e5 7.O-O Nc6 8.d5 Ne7
9.Ne1 Nd7 10.f3 f5 11.g4 Nf6 12.Nd3 b6 13.Be3 a5 14.b3 Bd7 15.a3 Qc8 16.h3 f4
17.Bf2 g5 18.b4 axb4 19.axb4 Rxa1 20.Qxa1 h5 21.Qd1 Ng6 22.c5 bxc5 23.bxc5 Rf7
24.c6 Be8 25.Qb3 hxg4 26.hxg4 Nxg4 27.Qb7 Qd8 28.fxg4 f3 29.Bd1 Bd7 30.Bg3 Bxg4
31.Ne1 Bc8 32.Qb8 g4 33.Nxf3 gxf3 34.Rxf3 Nf4 35.Kf2 Bf6 36.Ke1 Bg4 37.Qxd8+ Bxd8
38.Rxf4 exf4 39.Bxg4 Rf6 40.Bh4 Rf8 41.Bxd8 Rxd8 42.Nb5 Re8 43.Be6+ Kf8 44.Nxc7 Re7
45.Nb5 Rxe6 46.dxe6 Ke7 47.c7  1-0

[Event "Styrian Open A 2013"]
[Site "Bad Gleichenberg AUT"]
[Date "2013.07.06"]
[Round "1.5"]
[White "Sebenik,M"]
[Black "Gstach,Jakob"]
[Result "0-1"]
[WhiteElo "2511"]
[BlackElo "2140"]

1.Nf3 Nf6 2.c4 g6 3.Nc3 Bg7 4.e4 d6 5.d4 O-O 6.Be2 e5 7.O-O Nc6 8.d5 Ne7
9.Ne1 Nd7 10.Nd3 f5 11.f3 Kh8 12.Be3 c5 13.dxc6 Nxc6 14.Nb5 Nf6 15.Nf2 f4
16.Bc1 Ne8 17.b3 a6 18.Nc3 Nd4 19.Nd5 Nc7 20.Nxc7 Qxc7 21.Bb2 Be6 22.Qd2 a5
23.Rfc1 g5 24.Bxd4 exd4 25.Nd3 b6 26.Rab1 Rfc8 27.Kh1 h6 28.Ne1 a4 29.b4 Qf7
30.Bd3 Bxc4 31.Bxc4 Rxc4 32.Rxc4 Qxc4 33.Nd3 Rc8 34.Rc1 Qe6 35.Rxc8+ Qxc8
36.Kg1 Qc4 37.Kf2 Kg8 38.Ke2 Kf8 39.g3 fxg3 40.hxg3 Qc3 41.Qd1 b5 42.f4 gxf4
43.gxf4 Qc8 44.Nf2 Qc4+ 45.Kf3 Qxa2  0-1

[Event "St. Pauli Open 2013"]
[Site "Hamburg GER"]
[Date "2013.07.06"]
[Round "1.14"]
[White "Schmidt Brauns,R"]
[Black "Bitan,B"]
[Result "1/2-1/2"]
[WhiteElo "2016"]
[BlackElo "2295"]

1.d4 Nf6 2.c4 g6 3.Nc3 Bg7 4.e4 d6 5.Be2 O-O 6.Nf3 e5 7.O-O Nc6 8.d5 Ne7
9.Nd2 a5 10.Rb1 Nd7 11.a3 f5 12.b4 b6 13.f3 f4 14.Qb3 g5 15.Nd1 Rf6 16.Nf2 Rg6
17.Bb2 Kh8 18.Rfc1 h5 19.h3 Ng8 20.Rc2 Nh6 21.Re1 Nf6 22.c5 g4 23.hxg4 hxg4
24.fxg4 Nfxg4 25.Nxg4 Nxg4 26.Bxg4 Bxg4 27.Nf3 bxc5 28.bxc5 Rb8 29.Qd3 a4
30.Kf2 Rb3 31.Rh1+ Kg8 32.Qa6 Qb8 33.Bc1 Bxf3 34.gxf3 Rxf3+ 35.Ke1 Bf8 36.Qxa4 Qb1
37.Qd7 Re3+ 38.Kd1 Rd3+ 39.Ke1 Re3+ 40.Kd1  1/2-1/2